[Event "GER-ch U12"]
[Site "Willingen"]
[Date "2019.06.11"]
[Round "4"]
[White "Wessel, Daniel"]
[Black "Ensslinger, Colin"]
[Result "1/2-1/2"]
[WhiteElo "1501"]
[BlackElo "1690"]
[PlyCount "78"]
[EventDate "2019.06.08"]
[EventType "swiss"]
[EventRounds "9"]
[EventCountry "GER"]
[SourceTitle "CBM 191 Extra"]
[Source "ChessBase"]
[SourceDate "2019.09.30"]
[SourceVersion "1"]
[SourceVersionDate "2019.09.30"]
[SourceQuality "1"]

1. d4 d5 2. c4 c6 3. Bf4 Nf6 4. e3 g6 5. Nc3 Bg7 6. h3 0-0 7. Nf3 a6 8. Rc1 Be6 9. cxd5 Bxd5 10. Be2 Qb6 11. b3 Nbd7 12. 0-0 Rac8 13. Bd3 Bxf3 14. Qxf3 Nh5 15. Bh2 e5 16. dxe5 Nxe5 17. Bxe5 Bxe5 18. Qe2 Rfd8 19. Rfd1 Nf6 20. Ne4 Nxe4 21. Bxe4 Qb4 22. Bf3 Bc3 23. Rd3 Bf6 24. Rcd1 Qe7 25. Bg4 Rxd3 26. Qxd3 Rc7 27. Qd6 Qxd6 28. Rxd6 Be5 29. Rd7 f5 30. Rxc7 Bxc7 31. Be2 b5 32. Bf3 c5 33. Bb7 a5 34. Bc6 b4 35. Bd5+ Kg7 36. f4 Kf6 37. g3 h6 38. Kf2 g5 39. Kf3 Bd6 1/2-1/2

[Event "GER-ch U10"]
[Site "Willingen"]
[Date "2017.06.10"]
[Round "11"]
[White "Wessel, Daniel"]
[Black "Fathke, Luke"]
[Result "1-0"]
[WhiteElo "1098"]
[BlackElo "1327"]
[PlyCount "41"]
[EventDate "2017.06.04"]
[EventType "swiss"]
[EventRounds "11"]
[EventCountry "GER"]
[SourceTitle "CBM 178 Extra"]
[Source "ChessBase"]
[SourceDate "2017.06.22"]
[SourceVersion "1"]
[SourceVersionDate "2017.06.22"]
[SourceQuality "1"]

1. e4 e5 2. Nf3 Nc6 3. Bc4 Nf6 4. Ng5 d5 5. exd5 Nd4 6. c3 b5 7. Bb3 Nxb3 8. Qxb3 a6 9. d6 Qxd6 10. Qxf7+ Kd8 11. Qb3 Ke8 12. Nf7 Qe7 13. Nxh8 Be6 14. Qc2 Rd8 15. 0-0 Qc5 16. Re1 Ng4 17. d4 Qd6 18. h3 Nf6 19. Bg5 Qd7 20. dxe5 Bf5 21. exf6+ 1-0

[Event "GER-ch U10"]
[Site "Willingen"]
[Date "2017.06.09"]
[Round "10"]
[White "Laucht, Philipp"]
[Black "Wessel, Daniel"]
[Result "1/2-1/2"]
[WhiteElo "1316"]
[BlackElo "1098"]
[PlyCount "52"]
[EventDate "2017.06.04"]
[EventType "swiss"]
[EventRounds "11"]
[EventCountry "GER"]
[SourceTitle "CBM 178 Extra"]
[Source "ChessBase"]
[SourceDate "2017.06.22"]
[SourceVersion "1"]
[SourceVersionDate "2017.06.22"]
[SourceQuality "1"]

1. e4 e5 2. Nf3 Nc6 3. Bb5 a6 4. Ba4 b5 5. Bb3 Bc5 6. c3 d6 7. d3 h6 8. 0-0 Nf6 9. Nbd2 0-0 10. h3 Bb7 11. Re1 Re8 12. Nf1 Bb6 13. Ng3 Ne7 14. Nh4 Qb8 15. Ngf5 Kh7 16. Bxf7 Rf8 17. Bb3 Re8 18. Qf3 Nxf5 19. Qxf5+ Kh8 20. Bxh6 Rf8 21. Qg6 gxh6 22. Qxh6+ Nh7 23. Nf5 Rxf5 24. exf5 Qf8 25. Qxf8+ Rxf8 26. Be6 Ng5 1/2-1/2

[Event "GER-ch U10"]
[Site "Willingen"]
[Date "2017.06.06"]
[Round "5"]
[White "Wessel, Daniel"]
[Black "Bungarten, Jona"]
[Result "0-1"]
[WhiteElo "1098"]
[BlackElo "1548"]
[PlyCount "26"]
[EventDate "2017.06.04"]
[EventType "swiss"]
[EventRounds "11"]
[EventCountry "GER"]
[SourceTitle "CBM 178 Extra"]
[Source "ChessBase"]
[SourceDate "2017.06.22"]
[SourceVersion "1"]
[SourceVersionDate "2017.06.22"]
[SourceQuality "1"]

1. e4 e5 2. Nf3 Nc6 3. Bc4 Nf6 4. Ng5 Bc5 5. Nxf7 Bxf2+ 6. Kxf2 Nxe4+ 7. Kg1 Qh4 8. Qf1 Rf8 9. d3 Nd6 10. Nxd6+ cxd6 11. Qe2 Nd4 12. Qd2 Nxc2 13. Qxc2 Qe1# 0-1